00397pam a2200145 a 4500020003200000040000800032082002600040100002400066245003800090250001100128260004600139300003300185650001400218700001900232 a0070572348 (acidfree paper) cDLC00a301 MCG 1997 A021 Or.1 aSchaefer, Richard T10aSociology--a brief introduction / a2nd ed aNew York :bMcGraw-Hill Companies,cc1997 axix, 444 p. :bill. ;c26 cm 0aSociology1 aLamm, Robert P